Posterior Interior Cranial Elements - Statistics

General Stats
  • This quiz has been taken 27 times
  • The average score is 4 of 18
Answer Stats
Hint Answer % Correct
10 Crista Galli
67%
3 Foramen Ovale
67%
15 Temporal Bone
67%
11 Cribriform Plate
33%
7 Foramen Magnum
33%
2 Foramen Rotundum
33%
12 Lesser Wing
33%
8 Occipital Bone
33%
14 Foramen Lacerum
0%
4 Foramen Spinosum
0%
9 Frontal Bone
0%
6 Hypoglossal Canal
0%
13 Hypophyseal Fossa
0%
5 Internal Auditory Meatus
0%
17 Jugular Foramen
0%
18 Parietal Bone
0%
16 Petrous Portion
0%
1 Superior Orbital Fissure
0%
No matching quizzes found
Score Distribution
Percent of People with Each Score
Percentile by Number Answered
Your Score History
You have not taken this quiz